Taylor Swift 59 - Statistics

General Stats
  • This quiz has been taken 13 times
  • The average score is 436 of 500
Answer Stats
Answer % Correct
a
100%
be
100%
can't
100%
could've
100%
do
100%
feel
100%
for
100%
go
100%
I
100%
if
100%
in
100%
it
100%
know
100%
my
100%
on
100%
only
100%
should've
100%
that
100%
the
100%
this
100%
us
100%
was
100%
where
100%
who
100%
with
100%
would've
100%
you
100%
19
86%
and
86%
at
86%
away
86%
blinked
86%
damn
86%
danced
86%
devil
86%
did
86%
down
86%
first
86%
ghosts
86%
glance
86%
god
86%
god's
86%
got
86%
grown
86%
heaven
86%
honest
86%
I'd
86%
I'm
86%
is
86%
knees
86%
like
86%
looked
86%
me
86%
memories
86%
mine
86%
never
86%
oh
86%
out
86%
pain
86%
played
86%
safe
86%
scared
86%
some
86%
soul
86%
sure
86%
then
86%
they
86%
time
86%
to
86%
truth
86%
used
86%
weapons
86%
why
86%
won't
86%
your
86%
you're
86%
about
71%
all
71%
as
71%
back
71%
banners
71%
but
71%
clarity's
71%
close
71%
crisis
71%
death
71%
die
71%
erase
71%
faith
71%
fight
71%
from
71%
girlhood
71%
give
71%
glass
71%
hands
71%
hitting
71%
hurts
71%
important
71%
keep
71%
left
71%
let
71%
living
71%
man
71%
matter
71%
mind
71%
miss
71%
now
71%
of
71%
ooh
71%
our
71%
paint
71%
pray
71%
promising
71%
regret
71%
rest
71%
sign
71%
sleep
71%
splatter
71%
stained
71%
stayed
71%
tearing
71%
thrill
71%
tomb
71%
touched
71%
tried
71%
waiting
71%
wash
71%
way
71%
windows
71%
wish
71%
wondering
71%
won't
71%
wound
71%
years
71%
you'd
71%
along
57%
blushed
57%
boredom
57%
chance
57%
child
57%
gone
57%
lord
57%
made
57%
poison
57%
righteous
57%
saved
57%
spit
57%
tasted
57%
whispered
57%
No matching quizzes found
Score Distribution
Percent of People with Each Score
Percentile by Number Answered
Your Score History
You have not taken this quiz